01254cam a22003374 4500001000700000003000700007005001700014008004100031016003100072017005300103020001500156035002100171035002700192040002900219080002100248100004600269245004300315260004500358300001800403336002200421337003000443338002400473500004500497852010500542942002300647956000600670980007300676980007400749980007400823999001900897198464SpMaBN20260617221606.0260617s2002 sp | ||| ||spa 7 abimoBNE200208054742SpMaBN aB 25538-2002bOficina Depósito Legal Barcelona a8422695383 a(OCoLC)433407636 a(SpMaBN)bimo0001822213 aSpMaBNbspacSpMaBNerdc a821.134.2-31"19"1 aSaint-Aymour, Joaquín ded1968-924322710aApocalipsiscJoaquín de Saint-Aymour aBarcelonabCírculo de Lectoresc[2002] a477 p.c22 cm 2rdacontentatexto 2rdamediaasin mediación 2rdacarrieravolumen aRegistro provisional-DJ-33. Depósito J aES-MaACLcDEPOJjDJ-33hDonación: José Lázaro GarcíaxEncuadernación cartonézEn proceso 2udccMONOGRAFIAn0 a2 aB 25538-2002a84-226-9538-3aSpMaBNbBNALCALAj12/150592cSG_PETANTI aB 25538-2002a84-226-9538-3aSpMaBNbBNALCALAjAHM/690133cSG_PETANTI aB 25538-2002a84-226-9538-3aSpMaBNbBNALCALAjDL/1170607cCONSERVACI c198464d198464